Personnalités au hasard #15 - Statistiques

Statistiques générales
  • Ce quiz a été pris 448 fois
  • Le résultat moyen est 10 sur 32
Statistiques - réponses
Par images Réponse % Correct
Brigitte Macron
96%
Éric Zemmour
96%
Adèle Exarchopoulos
77%
Domingo
67%
Harrison Ford
64%
Niska
63%
Jérémy Ferrari
50%
Alfred Hitchcock
47%
Arnaud Ducret
43%
Manuel Ferrara
42%
Le Motif
37%
Tom Felton
37%
Adèle Castillon
29%
Guillaume Meurice
27%
Audrey Hepburn
26%
Isabelle Huppert
26%
Steve Harvey
24%
Yaël Braun-Pivet
22%
Inès Vandamme
21%
Michel-Édouard Leclerc
16%
Anne-Sophie Pic
11%
Peter Jackson
11%
Michelle Pfeiffer
10%
Charlotte Rampling
8%
Mathilda May
8%
Nathalie Loiseau
8%
Reneé Rapp
7%
Julien Bellver
6%
Dean Martin
4%
Kolinda Grabar-Kitarović
2%
Gloria Gaynor
1%
Lykke Li
1%
Aucun quiz correspondant
Distribution des résultats
% des personnes avec chaque résultat
Percentile par nombre de réponses
Votre historique - résultats
Vous n’avez pas pris ce quiz